Sports Quiz

Random Sports or Famous Quiz

First Ever Sporting Winners Quiz Stats

 Plays Quiz not verified by Sporcle

Also try: WWE Champions
Challenge
Share
Tweet
Embed
Score 0/15 Timer 04:00
0 Plays Today
Tournament Answer % Correct
Ryder CupUSA
83.3%
Davis CupUSA
83.3%
English Premier LeagueManchester United
76.7%
World CupUruguay
73.3%
SuperbowlGreen Bay Packers
63.3%
Rugby World CupNew Zealand
63.3%
Serie AInternazionale
60%
The Boat RaceOxford
46.7%
Tournament Answer % Correct
European CupReal Madrid
33.3%
Cricket World CupWest Indies
30%
Heineken CupToulouse
16.7%
Stanley CupMontreal Hockey Club
13.3%
FA CupWanderers
13.3%
America's CupAmerica
13.3%
World SeriesBoston Americans
13.3%

You're not logged in!

Compare scores with friends on all Sporcle quizzes.
OR
Log In

You Might Also Like...

Show Comments

Extras

Top Quizzes Today


Score Distribution

Your Account Isn't Verified!

In order to create a playlist on Sporcle, you need to verify the email address you used during registration. Go to your Sporcle Settings to finish the process.

Report this User

Report this user for behavior that violates our Community Guidelines.

Details: